Normal view
MARC view
- قواعد اللغة-اللغة العربية
Entry Topical Term
001 - CONTROL NUMBER
- control field: 23888
003 - CONTROL NUMBER IDENTIFIER
- control field: JO-AjAnu
005 - DATE AND TIME OF LATEST TRANSACTION
- control field: 20230606074113.0
008 - FIXED-LENGTH DATA ELEMENTS
- fixed length control field: 230606|| aca||aabn | a|a d
040 ## - CATALOGING SOURCE
- Original cataloging agency: JO-AjAnu
- Transcribing agency: JO-AjAnu
150 ## - HEADING--TOPICAL TERM
- Topical term or geographic name entry element: قواعد اللغة-اللغة العربية
670 ## - SOURCE DATA FOUND
- Source citation: Work cat.: (JO-AjAnu)12281: تأليف عبد الخالق، فيصل علي؛مراجعة عمر محمد ديارنة, author 23887, التصريح على التوضيح: للفهّامة خالد بن عبد الله الأزهري على ألفية ابن مالك، ج2